[Event "Brno Duras op"]
[Site "Brno"]
[Date "2015.07.04"]
[Round "8"]
[White "Snorek, Milan"]
[Black "Kopecek, Ivan"]
[Result "0-1"]
[WhiteElo "2063"]
[BlackElo "1955"]
[PlyCount "88"]
[EventDate "2015.06.27"]
[EventType "swiss"]
[EventRounds "9"]
[EventCountry "CZE"]
[SourceTitle "CBM 167 Extra"]
[Source "ChessBase"]
[SourceDate "2015.09.14"]
[SourceVersion "1"]
[SourceVersionDate "2015.09.14"]
[SourceQuality "1"]

1. d4 f5 2. g3 Nf6 3. Bg2 g6 4. Nf3 Bg7 5. 0-0 0-0 6. b3 c6 7. Bb2 d6 8. c4 Ne4 9. Nc3 Na6 10. Rc1 e6 11. a3 Nc7 12. Qc2 Ng5 13. Rfd1 Nxf3+ 14. Bxf3 d5 15. e3 Ne8 16. Ne2 g5 17. Bg2 Nd6 18. f4 Bd7 19. c5 Ne4 20. b4 Be8 21. Bxe4 fxe4 22. fxg5 Qxg5 23. Nf4 Bh5 24. Rf1 Rae8 25. Qd2 Bf3 26. a4 h5 27. b5 h4 28. Kf2 Rf6 29. Rg1 Rh6 30. h3 Rf8 31. g4 Rhf6 32. Rcf1 Bh6 33. Bc1 Kh7 34. Ke1 Qg7 35. Nh5 Qg6 36. Nxf6+ Qxf6 37. Qh2 Bg5 38. bxc6 bxc6 39. Qc7+ Rf7 40. Qxc6 Qg7 41. Qxe6 Rb7 42. Qf5+ Kh6 43. c6 Rb1 44. Kd2 Qxd4+ 0-1

[Event "Brno Duras op-A"]
[Site "Brno"]
[Date "2014.07.06"]
[Round "9"]
[White "Snorek, Milan"]
[Black "Frost, Peter"]
[Result "1/2-1/2"]
[WhiteElo "2129"]
[BlackElo "1809"]
[PlyCount "72"]
[EventDate "2014.06.28"]
[EventType "swiss"]
[EventRounds "9"]
[EventCountry "CZE"]
[SourceTitle "CBM 161 Extra"]
[Source "ChessBase"]
[SourceDate "2014.08.29"]
[SourceVersion "1"]
[SourceVersionDate "2014.08.29"]
[SourceQuality "1"]

1. d4 Nf6 2. Nf3 g6 3. c4 Bg7 4. Nc3 0-0 5. g3 d6 6. Bg2 Nc6 7. 0-0 a6 8. Re1 Rb8 9. Rb1 Bf5 10. e4 Bg4 11. Be3 Nd7 12. Ne2 e5 13. d5 Ne7 14. h3 Bxf3 15. Bxf3 f5 16. Qd2 Nf6 17. Nc3 fxe4 18. Bg2 Nf5 19. Bg5 Nd4 20. Nxe4 Nxe4 21. Rxe4 Qd7 22. Rbe1 Nf3+ 23. Bxf3 Rxf3 24. Kg2 Rf5 25. g4 Rf7 26. R1e2 Rbf8 27. b3 b6 28. Qe3 a5 29. a4 Bf6 30. Bh6 Bg7 31. Bg5 Bf6 32. Bxf6 Rxf6 33. Qg3 Qf7 34. R4e3 Rf4 35. f3 g5 36. Rf2 Qf6 1/2-1/2

[Event "Brno Duras op-A"]
[Site "Brno"]
[Date "2014.07.03"]
[Round "6"]
[White "Danek, Daniel"]
[Black "Snorek, Milan"]
[Result "0-1"]
[WhiteElo "1905"]
[BlackElo "2129"]
[PlyCount "102"]
[EventDate "2014.06.28"]
[EventType "swiss"]
[EventRounds "9"]
[EventCountry "CZE"]
[SourceTitle "CBM 161 Extra"]
[Source "ChessBase"]
[SourceDate "2014.08.29"]
[SourceVersion "1"]
[SourceVersionDate "2014.08.29"]
[SourceQuality "1"]

1. d4 d5 2. Nf3 Nf6 3. e3 e6 4. Bd3 c5 5. b3 Nc6 6. 0-0 Bd6 7. Bb2 0-0 8. a3 b6 9. Nbd2 Bb7 10. Ne5 Qc7 11. f4 Ne7 12. Qe1 Ne4 13. Nxe4 dxe4 14. Bc4 cxd4 15. Bxd4 Nf5 16. c3 a6 17. a4 Kh8 18. Be2 Bc5 19. Bg4 Nxd4 20. cxd4 Be7 21. Rc1 Qd6 22. f5 exf5 23. Bxf5 g6 24. Nc4 Qd8 25. Bh3 f5 26. g3 a5 27. Qf2 Rc8 28. Rc2 Bf6 29. Rfc1 Bg7 30. Qf4 g5 31. Qd6 Rf6 32. Qxd8+ Rxd8 33. Ne5 f4 34. Be6 fxe3 35. Nf7+ Rxf7 36. Bxf7 Bxd4 37. Re2 Ba6 38. Bc4 Bc8 39. Ree1 Bc5 40. Be2 Kg7 41. Red1 Rd2 42. Re1 Be6 43. Rb1 Kg6 44. g4 Kf6 45. h3 Ke5 46. Kg2 Kd4 47. Red1 Kc3 48. Rxd2 exd2 49. Bd1 Bd5 50. Kg3 e3 51. Bf3 Bxf3 0-1

[Event "CZE-chT2D 1314"]
[Site "Czech Republic"]
[Date "2013.11.17"]
[Round "2.6"]
[White "Snorek, Milan"]
[Black "Mares, Jan"]
[Result "0-1"]
[WhiteElo "2129"]
[BlackElo "2008"]
[PlyCount "80"]
[EventDate "2013.11.03"]
[EventType "team-tourn"]
[EventRounds "11"]
[EventCountry "CZE"]
[SourceTitle "EXT 2016"]
[Source "ChessBase"]
[SourceDate "2015.10.08"]
[SourceVersion "1"]
[SourceVersionDate "2015.10.08"]
[SourceQuality "1"]
[WhiteTeam "Jicin II"]
[BlackTeam "Usti nad Orlici"]
[WhiteTeamCountry "CZE"]
[BlackTeamCountry "CZE"]

1. d4 Nf6 2. Nf3 g6 3. c4 c5 4. d5 e6 5. Nc3 exd5 6. cxd5 Bg7 7. e4 d6 8. Qa4+ Bd7 9. Qb3 Qc7 10. Nb5 Bxb5 11. Bxb5+ Nbd7 12. 0-0 0-0 13. Re1 a6 14. Bxd7 Nxd7 15. Bf4 Rfe8 16. Rac1 b5 17. Qc2 Rac8 18. b3 Ne5 19. Nxe5 Bxe5 20. Bxe5 Rxe5 21. f4 Re7 22. Qd2 Qb6 23. f5 Qd8 24. b4 c4 25. Rc3 Re5 26. Rf3 g5 27. h4 g4 28. Rg3 Qxh4 29. Qf4 h5 30. Kf2 Kh7 31. Kf1 c3 32. Rc1 c2 33. Rh3 Qf6 34. Rxh5+ Kg8 35. Qxg4+ Kf8 36. Qe2 Rc4 37. Rxc2 Rexe4 38. Qd2 Rxc2 39. Qxc2 Qa1+ 40. Kf2 Qe1+ 0-1

[Event "Brno Duras op-A"]
[Site "Brno"]
[Date "2013.06.22"]
[Round "1"]
[White "Docekalova, Alexandra"]
[Black "Snorek, Milan"]
[Result "0-1"]
[WhiteElo "1875"]
[BlackElo "2133"]
[PlyCount "182"]
[EventDate "2013.06.22"]
[EventType "swiss"]
[EventRounds "9"]
[EventCountry "CZE"]
[SourceTitle "CBM 155 Extra"]
[Source "ChessBase"]
[SourceDate "2013.08.26"]
[SourceVersion "1"]
[SourceVersionDate "2013.08.26"]
[SourceQuality "1"]

1. e3 d5 2. d4 Nf6 3. Nf3 c5 4. c3 Nc6 5. Bd3 Bg4 6. Nbd2 e6 7. 0-0 Be7 8. b3 0-0 9. Bb2 e5 10. dxe5 Nxe5 11. Be2 Nc6 12. c4 Qc7 13. Ng5 Bxe2 14. Qxe2 h6 15. Ngf3 Rfe8 16. cxd5 Nxd5 17. Qc4 Rad8 18. Rfd1 Na5 19. Qc2 Bf8 20. Nc4 Nb4 21. Qe2 Nxc4 22. Rxd8 Rxd8 23. Qxc4 Nxa2 24. Qa4 Nb4 25. Qxa7 Na6 26. Bc3 Qc6 27. Ba5 Qf6 28. Ra4 Rd1+ 29. Be1 Qc6 30. Qa8 g5 31. h3 h5 32. Rc4 Nb4 33. Kf1 b5 34. Qxc6 Nxc6 35. Re4 f6 36. Ke2 Rd6 37. Re8 Kf7 38. Rc8 Re6 39. Kd1 Na7 40. Rc7+ Re7 41. Rxe7+ Bxe7 42. Bc3 Ke6 43. Nd2 f5 44. f3 h4 45. Ke2 Nc6 46. Kd3 Bd6 47. e4 f4 48. Bg7 Bc7 49. Nb1 Na5 50. Nc3 b4 51. Nd5 Be5 52. Bxe5 Kxe5 53. Kc2 Kd4 54. Nf6 c4 55. bxc4 Nxc4 56. Nh7 Ne3+ 57. Kb3 g4 58. hxg4 Nxg2 59. Ng5 Ne1 60. Kxb4 Ke3 61. Kc4 Nxf3 62. Nxf3 Kxf3 63. e5 h3 64. e6 h2 65. e7 h1Q 66. e8Q Qc1+ 67. Kb5 Qb1+ 68. Kc5 Qf5+ 69. Kc4 Qxg4 70. Qa8+ Kg3 71. Qb8 Qe6+ 72. Kc5 Qf5+ 73. Kd4 Qd7+ 74. Ke4 Qe6+ 75. Kd4 Qe3+ 76. Kc4 Kf2 77. Qh8 f3 78. Qh4+ Kf1 79. Qh1+ Ke2 80. Qh5 Qe4+ 81. Kc3 Qc6+ 82. Kb2 Qf6+ 83. Kc2 Ke3 84. Qh3 Qc6+ 85. Kd1 Qd5+ 86. Kc2 Qc4+ 87. Kb2 Qe2+ 88. Kb3 Kd2 89. Qg3 Qe3+ 90. Ka4 Qd4+ 91. Kb3 f2 0-1

[Event "Pobeskydy op"]
[Site "Frydek Mistek"]
[Date "2013.03.31"]
[Round "7"]
[White "Snorek, Milan"]
[Black "Trombik, Karel"]
[Result "1-0"]
[WhiteElo "2164"]
[BlackElo "2041"]
[PlyCount "47"]
[EventDate "2013.03.28"]
[EventType "swiss"]
[EventRounds "9"]
[EventCountry "CZE"]
[SourceTitle "CBM 153 Extra"]
[Source "ChessBase"]
[SourceDate "2013.04.22"]
[SourceVersion "1"]
[SourceVersionDate "2013.04.22"]
[SourceQuality "1"]

1. d4 d5 2. Nf3 Nf6 3. c4 dxc4 4. e3 a6 5. Bxc4 b5 6. Bd3 Bb7 7. a4 b4 8. Nbd2 e6 9. e4 Nbd7 10. e5 Nd5 11. Ne4 c5 12. Bg5 Qb8 13. 0-0 cxd4 14. Re1 h6 15. Bh4 g5 16. Bg3 Qa7 17. Rc1 Be7 18. Nd6+ Bxd6 19. exd6 0-0 20. Ne5 N7f6 21. Ng4 Nxg4 22. Qxg4 Bc8 23. Qh5 f5 24. Rc7 1-0

[Event "Pobeskydy op"]
[Site "Frydek Mistek"]
[Date "2013.03.30"]
[Round "5"]
[White "Snorek, Milan"]
[Black "Cempel, Jaroslav"]
[Result "0-1"]
[WhiteElo "2164"]
[BlackElo "2228"]
[PlyCount "64"]
[EventDate "2013.03.28"]
[EventType "swiss"]
[EventRounds "9"]
[EventCountry "CZE"]
[SourceTitle "CBM 153 Extra"]
[Source "ChessBase"]
[SourceDate "2013.04.22"]
[SourceVersion "1"]
[SourceVersionDate "2013.04.22"]
[SourceQuality "1"]

1. d4 f5 2. Nf3 Nf6 3. g3 g6 4. Bg2 Bg7 5. 0-0 d6 6. b3 0-0 7. Bb2 c6 8. c4 d5 9. cxd5 cxd5 10. Nc3 e6 11. Rc1 Nc6 12. Na4 Ne4 13. Nc5 Nxc5 14. Rxc5 Bd7 15. Qd2 Re8 16. Ne5 Bf8 17. Nxc6 Bxc6 18. Rc2 Qb6 19. h4 a5 20. h5 a4 21. hxg6 hxg6 22. Qg5 Kf7 23. Qe3 Bg7 24. g4 Rh8 25. gxf5 gxf5 26. b4 Qxb4 27. Qg3 Qb6 28. Rd1 Bf6 29. Qd6 Rad8 30. Qg3 Rdg8 31. Qd6 Rh4 32. Kf1 Rhg4 0-1

[Event "Kouty nad Desnou op-F"]
[Site "Kouty nad Desnou"]
[Date "2013.03.09"]
[Round "1"]
[White "Snorek, Milan"]
[Black "Vlckova, Katerina"]
[Result "1-0"]
[WhiteElo "2164"]
[BlackElo "1853"]
[PlyCount "83"]
[EventDate "2013.03.09"]
[EventType "swiss"]
[EventRounds "9"]
[EventCountry "CZE"]
[SourceTitle "EXT 2015"]
[Source "ChessBase"]
[SourceDate "2014.11.20"]
[SourceVersion "1"]
[SourceVersionDate "2014.11.20"]
[SourceQuality "1"]

1. d4 d5 2. Nf3 e6 3. c4 c6 4. cxd5 exd5 5. Nc3 Bf5 6. Bg5 Qc7 7. e3 Nd7 8. Bd3 Bxd3 9. Qxd3 Ngf6 10. 0-0 Bd6 11. Rac1 a6 12. e4 dxe4 13. Nxe4 0-0 14. Nxf6+ Nxf6 15. Bxf6 gxf6 16. Qf5 Kg7 17. d5 Rg8 18. Rc4 Be5 19. dxc6 bxc6 20. Nxe5 Qxe5 21. Qxe5 fxe5 22. Rxc6 Rgd8 23. Rfc1 Rd2 24. R6c2 Rad8 25. Kf1 Kg6 26. Ke1 R2d6 27. Rc6 f6 28. Rxd6 Rxd6 29. Ke2 Kg5 30. b4 Rd4 31. Rb1 Kf5 32. a4 Rd6 33. b5 axb5 34. axb5 Rb6 35. Kd3 Ke6 36. Kc4 Kd7 37. Kc5 Kc7 38. Ra1 Kb7 39. Rd1 Ka7 40. Rd7+ Rb7 41. Rxb7+ Kxb7 42. Kd5 1-0

[Event "CZE-chT2B 1213"]
[Site "Czech Republic"]
[Date "2013.02.03"]
[Round "8.6"]
[White "Snorek, Milan"]
[Black "Lastovka, Jan"]
[Result "1-0"]
[WhiteElo "2173"]
[BlackElo "2141"]
[PlyCount "115"]
[EventDate "2012.10.14"]
[EventType "team-tourn"]
[EventRounds "11"]
[EventCountry "CZE"]
[SourceTitle "EXT 2015"]
[Source "ChessBase"]
[SourceDate "2014.11.20"]
[SourceVersion "1"]
[SourceVersionDate "2014.11.20"]
[SourceQuality "1"]
[WhiteTeam "Jicin II"]
[BlackTeam "Liberec Desko"]
[WhiteTeamCountry "CZE"]
[BlackTeamCountry "CZE"]

1. d4 d5 2. Nf3 e6 3. c4 c5 4. cxd5 exd5 5. Nc3 Nc6 6. g3 Nf6 7. Bg5 Be7 8. Bg2 0-0 9. 0-0 c4 10. h3 h6 11. Be3 Be6 12. Ne5 Qc8 13. Kh2 Rd8 14. f4 h5 15. Bg1 g6 16. Rc1 Rb8 17. e3 b5 18. Nf3 b4 19. Ne2 Ne4 20. Ne5 Bf5 21. Qa4 Rb6 22. Nxc6 Qxc6 23. Qxc6 Rxc6 24. Bxe4 Bxe4 25. g4 hxg4 26. hxg4 Kg7 27. g5 Rh8+ 28. Kg3 f6 29. Kf2 fxg5 30. Ke1 gxf4 31. Rxf4 g5 32. Rxe4 dxe4 33. Ng3 Rd8 34. Nxe4 Rd5 35. Bh2 Ra5 36. Be5+ Kg6 37. b3 c3 38. Rc2 Rxe5 39. dxe5 Kf5 40. Nf2 Kxe5 41. Ke2 a5 42. Rc1 Ra6 43. Nd3+ Ke6 44. Rh1 Kf5 45. Rf1+ Ke6 46. Rh1 Ra8 47. Rh6+ Kd5 48. e4+ Kd4 49. Rc6 Kxe4 50. Re6+ Kf5 51. Rxe7 Ra6 52. Re5+ Kf6 53. Rc5 Ra8 54. Kf3 Rd8 55. Nf2 a4 56. bxa4 Rd2 57. Ne4+ Ke6 58. Nxd2 1-0

[Event "Brno op 3rd"]
[Site "Brno"]
[Date "2012.11.16"]
[Round "8"]
[White "Golcman, Evgeny"]
[Black "Snorek, Milan"]
[Result "1/2-1/2"]
[WhiteElo "2274"]
[BlackElo "2173"]
[PlyCount "53"]
[EventDate "2012.11.10"]
[EventType "swiss"]
[EventRounds "9"]
[EventCountry "CZE"]
[SourceTitle "CBM 151 Extra"]
[Source "ChessBase"]
[SourceDate "2012.12.18"]
[SourceVersion "1"]
[SourceVersionDate "2012.12.18"]
[SourceQuality "1"]

1. c4 Nf6 2. Nc3 d5 3. d4 dxc4 4. e4 e5 5. d5 c6 6. Bg5 Bb4 7. Bxf6 Bxc3+ 8. bxc3 Qxf6 9. Bxc4 0-0 10. Ne2 Nd7 11. 0-0 Nc5 12. Ng3 b5 13. Bb3 Rd8 14. Qc2 a5 15. c4 b4 16. Qe2 a4 17. Bd1 g6 18. Qe3 Qe7 19. Rb1 Rb8 20. Be2 cxd5 21. cxd5 Ba6 22. d6 Qxd6 23. Rfd1 Qf8 24. Rxd8 Rxd8 25. Rxb4 Bxe2 26. Qxe2 Qd6 27. Nf1 1/2-1/2

[Event "Brno op 3rd"]
[Site "Brno"]
[Date "2012.11.14"]
[Round "5"]
[White "Snorek, Milan"]
[Black "Richterova, Natasa"]
[Result "1/2-1/2"]
[WhiteElo "2173"]
[BlackElo "1945"]
[PlyCount "90"]
[EventDate "2012.11.10"]
[EventType "swiss"]
[EventRounds "9"]
[EventCountry "CZE"]
[SourceTitle "CBM 151 Extra"]
[Source "ChessBase"]
[SourceDate "2012.12.18"]
[SourceVersion "1"]
[SourceVersionDate "2012.12.18"]
[SourceQuality "1"]

1. d4 Nf6 2. Nf3 d5 3. c4 c6 4. Nc3 a6 5. cxd5 cxd5 6. Bf4 Nc6 7. e3 Bf5 8. Bd3 Bxd3 9. Qxd3 e6 10. 0-0 Bd6 11. Rac1 0-0 12. a3 Na5 13. Bxd6 Qxd6 14. Ne5 b5 15. f4 Nc4 16. Rf2 Rac8 17. g4 Qe7 18. g5 Nxe5 19. dxe5 Ne4 20. Rfc2 Nxc3 21. Rxc3 Rc4 22. b3 Rxc3 23. Qxc3 Qxa3 24. Ra1 b4 25. Rxa3 bxc3 26. Rxa6 Rc8 27. Ra1 f6 28. gxf6 gxf6 29. exf6 Kf7 30. Rc1 Kxf6 31. Kf2 Kf5 32. Kf3 c2 33. b4 Rc3 34. Ke2 Ke4 35. Kd2 Rxe3 36. Kxc2 Kxf4 37. b5 Ra3 38. b6 Ra8 39. b7 Rb8 40. Rb1 Ke5 41. Rb6 d4 42. Kd3 Kd5 43. h3 h6 44. h4 e5 45. Rb5+ Kc6 1/2-1/2

[Event "Brno op 3rd"]
[Site "Brno"]
[Date "2012.11.12"]
[Round "3"]
[White "Snorek, Milan"]
[Black "Parligras, Cosmin"]
[Result "0-1"]
[WhiteElo "2173"]
[BlackElo "2298"]
[PlyCount "54"]
[EventDate "2012.11.10"]
[EventType "swiss"]
[EventRounds "9"]
[EventCountry "CZE"]
[SourceTitle "CBM 151 Extra"]
[Source "ChessBase"]
[SourceDate "2012.12.18"]
[SourceVersion "1"]
[SourceVersionDate "2012.12.18"]
[SourceQuality "1"]

1. d4 Nf6 2. Nf3 e6 3. c4 b6 4. a3 Bb7 5. Nc3 d5 6. Bg5 Be7 7. Qa4+ Nbd7 8. Bxf6 Bxf6 9. cxd5 exd5 10. g3 0-0 11. Bg2 a6 12. Qb3 c5 13. Rd1 c4 14. Qc2 b5 15. 0-0 Qe7 16. Rfe1 Rfe8 17. Ne5 Nxe5 18. dxe5 Qxe5 19. Nxd5 Bxd5 20. Bxd5 Rad8 21. Bb7 Qxb2 22. Qxb2 Bxb2 23. Bc6 Kf8 24. a4 Rxd1 25. Rxd1 c3 26. axb5 c2 27. Rc1 Bxc1 0-1

[Event "Brno op 3rd"]
[Site "Brno"]
[Date "2012.11.10"]
[Round "1"]
[White "Snorek, Milan"]
[Black "Doskar, Miloslav"]
[Result "1-0"]
[WhiteElo "2173"]
[BlackElo "1728"]
[PlyCount "85"]
[EventDate "2012.11.10"]
[EventType "swiss"]
[EventRounds "9"]
[EventCountry "CZE"]
[SourceTitle "CBM 151 Extra"]
[Source "ChessBase"]
[SourceDate "2012.12.18"]
[SourceVersion "1"]
[SourceVersionDate "2012.12.18"]
[SourceQuality "1"]

1. d4 Nf6 2. Nf3 e6 3. c4 Bb4+ 4. Nbd2 0-0 5. g3 b6 6. Bg2 Bb7 7. 0-0 d5 8. a3 Be7 9. cxd5 Nxd5 10. Qc2 Nd7 11. Nc4 c5 12. dxc5 Nxc5 13. b4 Nd7 14. Bb2 Rc8 15. Qb3 Ba6 16. Rac1 Bxc4 17. Rxc4 Rxc4 18. Qxc4 Bf6 19. Bxf6 N5xf6 20. Rc1 Qb8 21. Nd4 Ne5 22. Qc7 h6 23. h3 Rd8 24. Qxb8 Rxb8 25. f4 Ng6 26. Rc7 Rd8 27. e3 a5 28. bxa5 bxa5 29. Rc5 a4 30. Ra5 Ne7 31. Rxa4 Nfd5 32. Kf2 g5 33. Ra7 Kf8 34. a4 gxf4 35. gxf4 Nxf4 36. Rxe7 Nxg2 37. Kxg2 Kxe7 38. Nc6+ Kd7 39. Nxd8 Kxd8 40. Kf3 Kc7 41. Kg4 f5+ 42. Kf4 Kd6 43. a5 1-0

[Event "CZE-chT2B 1213"]
[Site "Czech Republic"]
[Date "2012.11.04"]
[Round "2.5"]
[White "Snorek, Milan"]
[Black "Vaculik, Martin"]
[Result "1/2-1/2"]
[WhiteElo "2173"]
[BlackElo "2277"]
[PlyCount "36"]
[EventDate "2012.10.14"]
[EventType "team-tourn"]
[EventRounds "11"]
[EventCountry "CZE"]
[SourceTitle "EXT 2015"]
[Source "ChessBase"]
[SourceDate "2014.11.20"]
[SourceVersion "1"]
[SourceVersionDate "2014.11.20"]
[SourceQuality "1"]
[WhiteTeam "Jicin II"]
[BlackTeam "Turnov Zikuda II"]
[WhiteTeamCountry "CZE"]
[BlackTeamCountry "CZE"]

1. d4 e6 2. Nf3 Nf6 3. c4 c5 4. Nc3 cxd4 5. Nxd4 a6 6. g3 Qc7 7. Qd3 Nc6 8. Nxc6 dxc6 9. Bg2 e5 10. 0-0 Be6 11. b3 Be7 12. h3 0-0 13. Be3 Rfd8 14. Qc2 b5 15. c5 Nd5 16. Nxd5 Bxd5 17. Rfd1 Bxg2 18. Kxg2 Rxd1 1/2-1/2

[Event "Brno Duras op-A"]
[Site "Brno"]
[Date "2012.06.25"]
[Round "4"]
[White "Balazec, Ludovit"]
[Black "Snorek, Milan"]
[Result "0-1"]
[WhiteElo "1983"]
[BlackElo "2174"]
[PlyCount "132"]
[EventDate "2012.06.23"]
[EventType "tourn"]
[EventRounds "9"]
[EventCountry "CZE"]
[SourceTitle "CBM 149 Extra"]
[Source "ChessBase"]
[SourceDate "2012.08.24"]
[SourceVersion "1"]
[SourceVersionDate "2012.08.24"]
[SourceQuality "1"]

1. e4 c5 2. Nf3 e6 3. d4 cxd4 4. Nxd4 a6 5. c4 Nf6 6. Bd3 Qc7 7. 0-0 b6 8. Re1 d6 9. Nc3 Be7 10. Be3 Nbd7 11. Rc1 Bb7 12. f3 Rc8 13. Bf1 0-0 14. Qd2 Qb8 15. Qf2 Rfe8 16. g4 Ne5 17. g5 Nfd7 18. b3 Rc7 19. h4 Qd8 20. Bh3 Nd3 21. Qd2 Nxe1 22. Rxe1 Bf8 23. h5 Rc8 24. Re2 g6 25. hxg6 hxg6 26. Rh2 Bg7 27. Nce2 Qc7 28. Bg4 Nf8 29. Qe1 Rcd8 30. Qf2 d5 31. Nxe6 fxe6 32. Bxb6 Qe7 33. Bxd8 Rxd8 34. exd5 exd5 35. cxd5 Rxd5 36. Qb6 Rxg5 37. Kf2 Rd5 38. Qe3 Qd6 39. Rh1 Rd2 40. Kg2 a5 41. Re1 Ba6 42. Kh3 Rxa2 43. Ng3 Kh7 44. Qe7 Qxe7 45. Rxe7 Kg8 46. Ra7 Bd3 47. f4 Ra3 48. Bf3 Kh7 49. Bd5 Ra1 50. Nh1 Kh6 51. Nf2 Bf5+ 52. Kg3 Nh7 53. Be4 Bd4 54. Bxf5 Bxa7 55. Ng4+ Kg7 56. Be6 Nf6 57. Ne5 Ne4+ 58. Kh2 Nc5 59. Bc4 g5 60. Nc6 Bb6 61. fxg5 Kg6 62. Ne7+ Kxg5 63. Nd5 Ra2+ 64. Kh3 Bd8 65. Ne3 Bc7 66. Ng2 Ne4 0-1

[Event "Brno Duras op-A"]
[Site "Brno"]
[Date "2012.06.24"]
[Round "3"]
[White "Snorek, Milan"]
[Black "Kucera, Petr1111"]
[Result "1/2-1/2"]
[WhiteElo "2174"]
[BlackElo "1759"]
[PlyCount "145"]
[EventDate "2012.06.23"]
[EventType "tourn"]
[EventRounds "9"]
[EventCountry "CZE"]
[SourceTitle "CBM 149 Extra"]
[Source "ChessBase"]
[SourceDate "2012.08.24"]
[SourceVersion "1"]
[SourceVersionDate "2012.08.24"]
[SourceQuality "1"]

1. d4 Nf6 2. Nf3 e6 3. c4 Bb4+ 4. Nbd2 0-0 5. g3 b6 6. Bg2 Bb7 7. 0-0 Bxd2 8. Bxd2 d6 9. b4 Nbd7 10. Qb3 c5 11. Rfd1 Qc7 12. a3 Rac8 13. dxc5 dxc5 14. b5 Rfe8 15. a4 e5 16. a5 Nf8 17. axb6 axb6 18. Ra7 Qb8 19. Rda1 Ne6 20. e3 Rcd8 21. Bc3 e4 22. Nh4 Ng5 23. h3 Qc8 24. Bxf6 gxf6 25. Qb2 Re5 26. Qe2 Kg7 27. Qg4 Qxg4 28. hxg4 Bc8 29. Ra8 Rde8 30. Rb8 Bxg4 31. Rxb6 Be2 32. Rc1 Rd8 33. Ra6 Rd2 34. Raa1 Nf3+ 35. Bxf3 exf3 36. b6 Re8 37. Rab1 Rb8 38. Nf5+ Kf8 39. Rb5 Ke8 40. e4 Kd7 41. Ne3 Kc6 42. Rcb1 Bd3 43. R1b3 Bxe4 44. b7 Rd7 45. Rb6+ Kc7 46. Rxf6 Rxb7 47. Rxb7+ Kxb7 48. g4 Kc7 49. Kh2 Kd8 50. Kg3 Ke7 51. Ra6 Rd4 52. Ra7+ Rd7 53. Ra5 Kd6 54. Kf4 Bb7 55. Rb5 Kc6 56. Rb2 Kc7 57. g5 Rd4+ 58. Kg3 Be4 59. Rb5 Kc6 60. Rb8 Kc7 61. Rf8 Rd7 62. Kf4 Re7 63. Nf5 Bxf5 64. Kxf5 Re2 65. Rxf7+ Kd6 66. Rxh7 Rxf2 67. Rh3 Rc2 68. g6 Ke7 69. Rh7+ Kd6 70. Rh3 Ke7 71. Rh7+ Kd6 72. g7 Rg2 73. Rh3 1/2-1/2

[Event "CZE-chT2C 1112"]
[Site "Czech Republic"]
[Date "2012.01.22"]
[Round "6.7"]
[White "Snorek, Milan"]
[Black "Michalek, Frantisek"]
[Result "1-0"]
[WhiteElo "2097"]
[BlackElo "2083"]
[PlyCount "117"]
[EventDate "2011.10.09"]
[EventType "team-tourn"]
[EventRounds "11"]
[EventCountry "CZE"]
[SourceTitle "EXT 2013"]
[Source "ChessBase"]
[SourceDate "2012.11.22"]
[SourceVersion "1"]
[SourceVersionDate "2012.11.22"]
[SourceQuality "1"]
[WhiteTeam "Jicin II"]
[BlackTeam "Kolin"]
[WhiteTeamCountry "CZE"]
[BlackTeamCountry "CZE"]

1. d4 Nf6 2. Nf3 e6 3. c4 b6 4. a3 Bb7 5. Nc3 Be7 6. d5 d6 7. e4 e5 8. g3 0-0 9. Bg2 a5 10. 0-0 Na6 11. Be3 Ng4 12. Bd2 Nc5 13. h3 Nf6 14. Nh4 Bc8 15. Qc2 a4 16. Rad1 Ne8 17. Nf5 Bf6 18. Be3 Bd7 19. Rfe1 Kh8 20. g4 Bg5 21. Qd2 Bxe3 22. Qxe3 g6 23. Ng3 Qf6 24. g5 Qe7 25. Rf1 f6 26. f4 fxg5 27. fxg5 Ng7 28. Kh2 Rxf1 29. Rxf1 Rf8 30. Bf3 Rf7 31. Kg2 Rf4 32. Nce2 Qxg5 33. Nxf4 exf4 34. Bg4 Bxg4 35. Rxf4 Bxh3+ 36. Kxh3 Qe7 37. e5 Nd7 38. e6 Ne5 39. Rf1 Kg8 40. Qf4 Ne8 41. Ne4 Kg7 42. Ng5 h6 43. Nf7 g5 44. Qd4 g4+ 45. Kg3 Nf6 46. Nxe5 dxe5 47. Qxe5 Kg6 48. Rxf6+ Qxf6 49. Qxf6+ Kxf6 50. Kxg4 Kg6 51. Kf3 Kg7 52. Ke4 Kf6 53. Kf4 h5 54. Kf3 Kg6 55. Ke4 Kf6 56. Kf4 c6 57. Ke4 h4 58. Kf4 h3 59. Kg3 1-0